00442nam a22001577a 450000500170000000800410001702000170005804100130007508200160008810000130010424500390011725000190015626000580017530000260023365000250025920231124072533.0231124b |||||||| |||| 00| 0 eng d a086210260 X  aEnglish  a341.48 AMN  lEnglish  aAmnesty International Report 1996  aFirst Edition  aLondon : bAmnesty International Publications, c1996 b360 pages ; c24 cm.  aLegal practice bLaw